000 00177nam a2200085 4500
001 1244295
005 20251020115030.0
245 _aFANG AİLESİ
_cKEVIN WILSON
260 _bDOMİNGO
999 _c1244295
_d1244295